000 00585cab a2200217 4500
001 X2255
008 090401t1995 xxu||||| |||| 00| 0 eng d
035 _a(Sirsi) u22962
041 _aeng
245 _aColumn : research
260 _c1995
350 _a0
490 _aCSM (Chartered Surveyor Monthly)
_v4(6) April 1995, 33(1)
650 _aCORPORATE MEMBERSHIP
650 _aDEVELOPING COUNTRIES
650 _aRESEARCH REGISTER
650 _aRICS RESEARCH PROGRAMME
690 _aMANAGEMENT-BUSINESS MANAGEMENT-PROFESSIONAL PRACTICE
942 _n0
948 _c04/03/1997
999 _c15395
_d15395